| 000 | 01352nam a22002417a 4500 | ||
|---|---|---|---|
| 005 | 20210325191424.0 | ||
| 008 | s2536 th tha d | ||
| 041 | _atha | ||
| 090 | _aว UA853.T5 ส852บ 2536 | ||
| 100 | 0 | _aสุรพันธ์ ไทยวัฒน์ | |
| 245 | 1 | 0 | _aบทบาทของกองอำนวยการกลางรักษาความปลอดภัยแห่งชาติ(กรป.กลาง)ในการพัฒนาเศรษฐกิจและสังคม เฉพาะกรณีการพัฒนาเยาวชน |
| 260 | 3 |
_aกรุงเทพฯ : _bวิทยาลัยป้องกันราชอาณาจักร, _c2536 |
|
| 300 |
_a64 หน้า ; _b 28 ซม. |
||
| 650 | 0 | 4 | _aกรป.กลาง -- วิจัย |
| 650 | 0 | 4 | _aกองอำนวยการกลางรักษาความปลอดภัยแห่งชาติ -- วิจัย |
| 650 | 0 | 4 | _aความปลอดภัยแห่งชาติ -- วิจัย |
| 650 | 0 | 4 | _aทหารกับเยาวชน -- วิจัย |
| 650 | 0 | 4 | _aนโยบายการทหาร -- วิจัย |
| 850 | _aNALT | ||
| 942 | _cRSH | ||
| 997 |
_c000000000028385 _kVC |
||
| 998 | _aJETANANARD SUWANDEE | ||
| 999 |
_c28385 _d28385 |
||